000
00311nam a2200121 a 4500
005
20140414093846.0
008
100218s19uu xx 00 eng d
050
_a
CDB 005
_b
TEC 2007
245
_a
TechFactors :
_b
IT Project, Teacher's CD.
650
_a
Computer programming.
942
_c
AVM
999
_c
109613
_d
109613